Studying Leadership:Traditional and Critical Approaches (Record no. 4424)

MARC details
005 - DATE AND TIME OF LATEST TRANSACTION
control field 20250619125024.0
020 ## - INTERNATIONAL STANDARD BOOK NUMBER
International Standard Book Number 978-1-4739-5861-6
082 ## - DEWEY DECIMAL CLASSIFICATION NUMBER
Classification number 658.4092 SCH
100 ## - MAIN ENTRY--PERSONAL NAME
Author name SCHEDLITZKI,D
245 ## - TITLE STATEMENT
Title Studying Leadership:Traditional and Critical Approaches
250 ## - EDITION STATEMENT
Edition statement 2nd ed.
260 ## - PUBLICATION, DISTRIBUTION, ETC.
Place of publication, distribution, etc. London
Name of publisher, distributor, etc. Sage Publications
Date of publication, distribution, etc. 2018
300 ## - PHYSICAL DESCRIPTION
Extent xiv,451p.;ill,appendix
Other physical details glossarry,reference,index.
Dimensions 23cm
700 ## - ADDED ENTRY--PERSONAL NAME
Other authors/Editors Gareth Edwards
942 ## - ADDED ENTRY ELEMENTS (KOHA)
Source of classification or shelving scheme Dewey Decimal Classification
Koha item type Books

No items available.